[Event "XIV Festival A"]
[Site "Cesenatico ITA"]
[Date "2010.08.??"]
[Round "7"]
[White "De Santis, Alessio"]
[Black "Kanina, Adriatik"]
[WhiteElo "2348"]
[BlackElo "2128"]
[Result "1-0"]
[PlyCount "67"]
[EventDate "2010.08.30"]

1. d4 Nf6 2. c4 e6 3. Nc3 Bb4 4. Qc2 Nc6 5. Nf3 d6 6. a3 Bxc3+ 7. Qxc3 Qe7 8.
b4 e5 9. d5 Nb8 10. g3 a5 11. Bg2 axb4 12. axb4 Rxa1 13. Qxa1 Na6 14. O-O O-O
15. Ba3 Re8 16. Rc1 Ne4 17. c5 dxc5 18. bxc5 Nexc5 19. Bxc5 Nxc5 20. Qxe5 Qxe5
21. Nxe5 b6 22. f4 Ba6 23. Nd3 Nxd3 24. exd3 Bxd3 25. Rxc7 Rd8 26. Kf2 Kf8 27.
Ke3 Bf5 28. Kd4 f6 29. Bf1 Bd7 30. Bc4 Ke7 31. Rb7 Kd6 32. Rxb6+ Kc7 33. Kc5
Ra8 34. Ba6 1-0

[Event "XIV Festival A"]
[Site "Cesenatico ITA"]
[Date "2010.08.??"]
[Round "7"]
[White "Lain, Luigi"]
[Black "Gazzarri, Alberto"]
[WhiteElo "2218"]
[BlackElo "2063"]
[Result "1-0"]
[PlyCount "47"]
[EventDate "2010.08.30"]

1. d4 d5 2. c4 c6 3. Nc3 Nf6 4. cxd5 cxd5 5. Bf4 Nc6 6. e3 Bf5 7. Qb3 Na5 8.
Bb5+ Bd7 9. Qa4 Nc6 10. Nf3 a6 11. Be2 e6 12. O-O Be7 13. Qb3 Na5 14. Qc2 Rc8
15. Ne5 Ne4 16. Bd3 Bb5 17. Bxe4 dxe4 18. Rfc1 f6 19. Qxe4 fxe5 20. Qxe5 O-O
21. Qxe6+ Kh8 22. Nxb5 Rxc1+ 23. Rxc1 axb5 24. Bc7 1-0

[Event "XIV Festival A"]
[Site "Cesenatico ITA"]
[Date "2010.08.??"]
[Round "7"]
[White "Schaefer, Michael"]
[Black "Baracca, Paolo"]
[WhiteElo "2215"]
[BlackElo "2048"]
[Result "1-0"]
[PlyCount "114"]
[EventDate "2010.08.30"]

1. d4 Nf6 2. c4 g6 3. Nc3 d5 4. e3 Bg7 5. cxd5 Nxd5 6. Nxd5 Qxd5 7. Ne2 e5 8.
Nc3 Qa5 9. d5 O-O 10. e4 f5 11. Bc4 Kh8 12. exf5 Bxf5 13. Be3 Qb4 14. Qe2 a6
15. O-O b5 16. Bb3 Nd7 17. Rac1 Rac8 18. Nd1 Qh4 19. f3 e4 20. f4 Nf6 21. Nf2
Bg4 22. Qd2 g5 23. fxg5 Nh5 24. Nxg4 Qxg4 25. Rxf8+ Rxf8 26. Bd1 Qh4 27. Bxh5
Qxh5 28. Bd4 Qf7 29. h3 Qe7 30. Bxg7+ Kxg7 31. Qc3+ Kg8 32. Qg3 Rf7 33. Rc6 Rg7
34. h4 h5 35. Kh2 e3 36. Re6 Qc5 37. Qxe3 Qxd5 38. Re8+ Kh7 39. Qe4+ Qxe4 40.
Rxe4 Rd7 41. a4 Kg7 42. a5 c5 43. Re6 Rd4 44. Kg3 Rg4+ 45. Kh3 Rb4 46. Rxa6
Rxb2 47. Rb6 b4 48. a6 Rb3+ 49. g3 Ra3 50. Rc6 Ra5 51. g4 Ra3+ 52. Kg2 hxg4 53.
h5 b3 54. Rc7+ Kg8 55. Rxc5 Rxa6 56. Rb5 Ra5 57. Rb6 b2 1-0

[Event "XIV Festival A"]
[Site "Cesenatico ITA"]
[Date "2010.08.??"]
[Round "7"]
[White "Lucchi, Lorenzo"]
[Black "Stips, Felix"]
[WhiteElo "2075"]
[BlackElo "2206"]
[Result "1-0"]
[PlyCount "111"]
[EventDate "2010.08.30"]

1. e4 d5 2. exd5 Qxd5 3. Nc3 Qd6 4. Nf3 Nf6 5. d4 c6 6. Bc4 Bg4 7. Be3 e6 8. h3
Bh5 9. g4 Bg6 10. Ne5 Nbd7 11. Nxg6 hxg6 12. Qf3 Nb6 13. Bb3 Qc7 14. O-O-O
O-O-O 15. Bf4 Bd6 16. Bg5 Rd7 17. Bxf6 Bf4+ 18. Kb1 gxf6 19. Ne4 f5 20. Nc5 Re7
21. Rhe1 fxg4 22. hxg4 Rd8 23. a4 Bh6 24. Bxe6+ fxe6 25. Nxe6 Qd6 26. Nxd8 Kxd8
27. Rxe7 Kxe7 28. Qh3 Bg7 29. Re1+ Kf7 30. Qf3+ Qf6 31. Qb3+ Nd5 32. Qxb7+ Kg8
33. Qb8+ Bf8 34. Qe8 Nf4 35. Qe5 Qxe5 36. Rxe5 Bg7 37. Re4 Nh3 38. d5 cxd5 39.
Rb4 Nxf2 40. Rb8+ Kh7 41. Rb7 Nxg4 42. Rxa7 Kh6 43. Rd7 Nf6 44. Rc7 Ne4 45. a5
Bd4 46. c3 Bf2 47. Rf7 Bc5 48. Kc2 g5 49. b4 Bg1 50. b5 g4 51. a6 g3 52. a7
Bxa7 53. Rxa7 Nd6 54. b6 g2 55. Ra1 Kg6 56. Rg1 1-0

[Event "XIV Festival A"]
[Site "Cesenatico ITA"]
[Date "2010.08.??"]
[Round "7"]
[White "Zorzetto, Carlo"]
[Black "Calavalle, Giulio"]
[WhiteElo "1718"]
[BlackElo "2201"]
[Result "0-1"]
[PlyCount "76"]
[EventDate "2010.08.30"]

1. Nf3 c5 2. c4 d6 3. Nc3 e5 4. d3 Nc6 5. g3 Be7 6. Nd5 Be6 7. Nxe7 Ngxe7 8.
Ng5 Bg4 9. h3 Bd7 10. Bg2 f5 11. O-O h6 12. Nf3 Ng6 13. e3 O-O 14. d4 cxd4 15.
exd4 e4 16. Ne1 Qf6 17. Nc2 Rae8 18. f3 exf3 19. Rxf3 Qf7 20. b3 Nge7 21. Ba3
Qg6 22. Qd3 Nd8 23. Raf1 Nf7 24. h4 Bc6 25. Rf4 Qh5 26. Bf3 Qg6 27. Kh2 Qf6 28.
Bxc6 bxc6 29. Ne3 g6 30. Bb2 d5 31. Ng4 Qe6 32. Ne5 Nxe5 33. dxe5 Rf7 34. Qe3
g5 35. R4f2 Rg7 36. Ba3 f4 37. gxf4 Nf5 38. Qh3 g4 0-1

[Event "XIV Festival A"]
[Site "Cesenatico ITA"]
[Date "2010.08.??"]
[Round "7"]
[White "Bonacci, Mauro"]
[Black "Ricchi, Luca"]
[WhiteElo "2198"]
[BlackElo "1994"]
[Result "1-0"]
[PlyCount "71"]
[EventDate "2010.08.30"]

1. e4 e6 2. d4 d5 3. Nd2 Nf6 4. e5 Nfd7 5. Bd3 c5 6. c3 Nc6 7. Ne2 cxd4 8. cxd4
f6 9. exf6 Nxf6 10. O-O Bd6 11. Nf3 Qc7 12. Nc3 a6 13. Bg5 O-O 14. Bh4 h6 15.
Rc1 Nh5 16. Bg3 Nxg3 17. hxg3 Qf7 18. Bb1 Bd7 19. Qd3 g5 20. Rce1 Rae8 21. a3
e5 22. dxe5 Nxe5 23. Nxe5 Bxe5 24. Ba2 Bxc3 25. Bxd5 Bxe1 26. Qg6+ Kh8 27. Bxf7
Rxf7 28. Qxf7 Bb5 29. Qxe8+ Bxe8 30. Rxe1 Bc6 31. Re7 Kg8 32. f4 Kf8 33. Rh7 g4
34. Rxh6 Ke7 35. Rg6 Bd7 36. Kf2 1-0

[Event "XIV Festival A"]
[Site "Cesenatico ITA"]
[Date "2010.08.??"]
[Round "7"]
[White "Barlocco, Carlo"]
[Black "Bonugli, Carlo"]
[WhiteElo "2183"]
[BlackElo "2032"]
[Result "0-1"]
[PlyCount "128"]
[EventDate "2010.08.30"]

1. d4 Nf6 2. Nf3 c5 3. c3 b6 4. Bf4 Bb7 5. e3 g6 6. Nbd2 Bg7 7. Be2 O-O 8. O-O
d5 9. a4 Nbd7 10. Ne5 Nxe5 11. Bxe5 e6 12. Qb3 Ne4 13. Nxe4 Bxe5 14. Nxc5 Bxh2+
15. Kxh2 Qc7+ 16. g3 bxc5 17. dxc5 Rab8 18. Qa3 h5 19. b4 d4 20. cxd4 h4 21. b5
hxg3+ 22. fxg3 e5 23. Rf6 Kg7 24. Rd6 Rh8+ 25. Kg1 Rh1+ 26. Kf2 Rh2+ 27. Ke1
Qa5+ 28. Kf1 Qd2 29. Qd3 Rh1+ 30. Kf2 Qxd3 31. Bxd3 Rxa1 32. c6 Ba8 33. Rd7
Rxa4 34. dxe5 Re8 35. e6 Rxe6 36. c7 Bb7 37. Rd8 Re7 38. c8=Q Bxc8 39. Rxc8
Ra2+ 40. Kf3 Ra3 41. Rd8 f5 42. Rd6 Rc7 43. g4 Rcc3 44. gxf5 Rxd3 45. Rxg6+ Kf7
46. Re6 Rd5 47. Kf4 Rxb5 48. e4 Rb6 49. Re5 a5 50. Rc5 Rb7 51. Rc6 Ra1 52. Rh6
Rf1+ 53. Kg5 Re7 54. Ra6 Rxe4 55. Ra7+ Re7 56. Rxa5 Rb7 57. Rc5 Rg1+ 58. Kf4
Rb4+ 59. Ke3 Kf6 60. Rc8 Kxf5 61. Rf8+ Ke6 62. Re8+ Kd7 63. Rh8 Rg3+ 64. Kf2
Ra3 0-1

[Event "XIV Festival A"]
[Site "Cesenatico ITA"]
[Date "2010.09.05"]
[Round "8"]
[White "Cordova, Emilio"]
[Black "Salvador, Roland"]
[WhiteElo "2560"]
[BlackElo "2498"]
[Result "1-0"]
[PlyCount "77"]
[EventDate "2010.08.30"]

1. d4 d5 2. Nf3 Nf6 3. c4 c6 4. Nc3 dxc4 5. g3 e6 6. Bg2 c5 7. O-O Nc6 8. Qa4
cxd4 9. Nxd4 Bd7 10. Nxc6 bxc6 11. Bg5 Be7 12. Bxf6 gxf6 13. Rad1 Qb6 14. Qxc4
Rc8 15. Rd2 Rc7 16. Rfd1 Bc8 17. Qg4 Rf8 18. Qg7 Rd7 19. Ne4 Rxd2 20. Rxd2 Qb4
21. Qg4 Qb8 22. Qh4 f5 23. Nf6+ Bxf6 24. Qxf6 Bd7 25. e4 Qb4 26. Qh6 fxe4 27.
a3 Qc5 28. Bxe4 Rg8 29. Qf4 e5 30. Qf3 Be6 31. b4 Qc4 32. Bxc6+ Ke7 33. Bd5 Qg4
34. Qe3 Rc8 35. Bxe6 Rc1+ 36. Kg2 Kxe6 37. Rd8 Qc4 38. Qh6+ f6 39. Qh3+ 1-0

[Event "XIV Festival A"]
[Site "Cesenatico ITA"]
[Date "2010.09.05"]
[Round "8"]
[White "Vuelban, Virgilio"]
[Black "Petkov, Vladimir"]
[WhiteElo "2358"]
[BlackElo "2496"]
[Result "0-1"]
[PlyCount "68"]
[EventDate "2010.08.30"]

1. e4 e5 2. Nf3 Nc6 3. d4 exd4 4. Nxd4 Nf6 5. Nxc6 bxc6 6. e5 Qe7 7. Qe2 Nd5 8.
c4 Nb6 9. Nc3 Qe6 10. Qe4 Bb4 11. Bd2 a5 12. Bd3 d5 13. exd6 cxd6 14. O-O-O
Qxe4 15. Nxe4 d5 16. cxd5 cxd5 17. Nc3 O-O 18. Nxd5 Nxd5 19. Be4 Bg4 20. Bxd5
Rac8+ 21. Bc3 Bxc3 22. bxc3 Bxd1 23. Rxd1 Rxc3+ 24. Kb2 Rc7 25. Bb3 Re8 26. Rd2
g6 27. Ka3 Re4 28. f3 Rf4 29. Rd5 a4 30. Bd1 Rc3+ 31. Kb2 Re3 32. a3 h5 33. Ra5
Rd4 34. Bxa4 Rd2+ 0-1

[Event "XIV Festival A"]
[Site "Cesenatico ITA"]
[Date "2010.09.05"]
[Round "8"]
[White "Levin, Felix"]
[Black "Sveshnikov, Vladimir"]
[WhiteElo "2472"]
[BlackElo "2391"]
[Result "1-0"]
[PlyCount "46"]
[EventDate "2010.08.30"]

1. c4 e6 2. d4 d5 3. Nf3 Nf6 4. e3 dxc4 5. Bxc4 a6 6. O-O c5 7. Nc3 b5 8. Bb3
Bb7 9. e4 Nxe4 10. Nxe4 Bxe4 11. Re1 c4 12. Bxc4 Bb7 13. Bg5 Be7 14. Bxe6 O-O
15. Bxe7 Qxe7 16. Bb3 Qd6 17. Ne5 Nd7 18. Qh5 Nxe5 19. dxe5 Qd4 20. Rad1 Qxb2
21. Rd7 g6 22. Qh6 Qc3 23. Rc1 Bc6 1-0

[Event "XIV Festival A"]
[Site "Cesenatico ITA"]
[Date "2010.09.05"]
[Round "8"]
[White "Calavalle, Giulio"]
[Black "Sveshnikov, Evgeny E."]
[WhiteElo "2201"]
[BlackElo "2487"]
[Result "1/2-1/2"]
[PlyCount "101"]
[EventDate "2010.08.30"]

1. e4 c5 2. Nf3 Nc6 3. d4 cxd4 4. Nxd4 e6 5. Nb5 d6 6. Bf4 e5 7. Be3 Nf6 8. f3
Be7 9. c4 O-O 10. N1c3 a6 11. Na3 Be6 12. Nd5 Bxd5 13. cxd5 Nb8 14. Qb3 b5 15.
Nc2 Nfd7 16. a4 bxa4 17. Qb7 Qc8 18. Qxa8 Qxc2 19. Qb7 Nc5 20. Qxe7 Qxb2 21.
Rd1 a3 22. Be2 Nbd7 23. Kf2 a2 24. Qxd6 a1=Q 25. Rxa1 Nd3+ 26. Kg3 Qxe2 27.
Rhd1 Nf6 28. Rxd3 Qxd3 29. Ra3 Qe2 30. Qxe5 Rc8 31. Rb3 h6 32. Rb8 Nxe4+ 33.
Kf4 g5+ 34. Kf5 Nd6+ 35. Qxd6 Qd3+ 36. Kg4 Qc4+ 37. Bf4 gxf4 38. Rxc8+ Qxc8+
39. Kxf4 Qc1+ 40. Kf5 Qg5+ 41. Ke4 Qxg2 42. Qxa6 Qxh2 43. Qc8+ Kg7 44. Qc3+ f6
45. f4 Qg2+ 46. Kd4 Qf2+ 47. Ke4 Qe2+ 48. Kd4 Qf2+ 49. Ke4 Qg2+ 50. Kd4 Qf2+
51. Ke4 1/2-1/2

[Event "XIV Festival A"]
[Site "Cesenatico ITA"]
[Date "2010.08.??"]
[Round "8"]
[White "Bonugli, Carlo"]
[Black "Marholev, Dimitar"]
[WhiteElo "2032"]
[BlackElo "2428"]
[Result "0-1"]
[PlyCount "36"]
[EventDate "2010.08.30"]

1. e4 e5 2. Bc4 Nf6 3. d3 Nc6 4. Nf3 h6 5. O-O d6 6. c3 g6 7. d4 Qe7 8. Re1 Bg7
9. Nbd2 O-O 10. Bb3 Nh5 11. Nf1 Bg4 12. Be3 Bxf3 13. gxf3 Qh4 14. Ng3 Nf4 15.
Bxf4 Qxf4 16. Ba4 Ne7 17. Kg2 h5 18. Nf1 f5 0-1

[Event "XIV Festival A"]
[Site "Cesenatico ITA"]
[Date "2010.08.??"]
[Round "8"]
[White "Dittmar, Peter"]
[Black "Schaefer, Michael"]
[WhiteElo "2326"]
[BlackElo "2215"]
[Result "1/2-1/2"]
[PlyCount "47"]
[EventDate "2010.08.30"]

1. c4 Nf6 2. g3 e6 3. Bg2 a6 4. Nf3 b5 5. b3 c5 6. Bb2 Bb7 7. O-O Be7 8. Qc2 d6
9. Nc3 Qb6 10. e3 Nbd7 11. d3 O-O 12. Ne2 Rab8 13. Rab1 Bc6 14. Rfc1 Rfc8 15.
Qd2 Ne8 16. g4 bxc4 17. bxc4 Bf6 18. Nc3 Qb7 19. e4 g6 20. g5 Bg7 21. Nd1 Qb4
22. Bxg7 Qxd2 23. Nxd2 Nxg7 24. Bf3 1/2-1/2

[Event "XIV Festival A"]
[Site "Cesenatico ITA"]
[Date "2010.08.??"]
[Round "8"]
[White "Bonacci, Mauro"]
[Black "Friedrich, Norbert"]
[WhiteElo "2198"]
[BlackElo "2315"]
[Result "1/2-1/2"]
[PlyCount "124"]
[EventDate "2010.08.30"]

1. e4 c5 2. Nf3 e6 3. d4 cxd4 4. Nxd4 a6 5. Be3 Nf6 6. Nd2 Qc7 7. Be2 d5 8.
exd5 Nxd5 9. Bg5 Nf4 10. Bxf4 Qxf4 11. N2f3 Be7 12. O-O O-O 13. Bd3 Nd7 14. c3
Nc5 15. Bc2 e5 16. Re1 Bg4 17. h3 Bh5 18. Nf5 Bf6 19. g4 Rad8 20. Qe2 Bg6 21.
b4 e4 22. N3d4 Bxf5 23. bxc5 Bxd4 24. cxd4 Rxd4 25. Qe3 Qxe3 26. fxe3 Rd2 27.
Bb3 Be6 28. Red1 Rfd8 29. Rxd2 Rxd2 30. Bxe6 fxe6 31. Rb1 Rc2 32. Rxb7 Rxc5 33.
a4 Rc4 34. a5 Rc5 35. Rb6 Rxa5 36. Rxe6 Ra4 37. g5 Kf7 38. Re5 Rb4 39. Kf2 Rb5
40. Rxe4 Rxg5 41. Rc4 Re5 42. Kf3 a5 43. Kf4 Re6 44. Ra4 Ra6 45. Kf5 Ke7 46.
Ke5 Rh6 47. e4 Rxh3 48. Kd5 Kf6 49. Kd4 Rh5 50. Ra1 Rb5 51. Rc1 Rb6 52. Kd5 Ra6
53. e5+ Ke7 54. Rc7+ Kf8 55. Rc8+ Kf7 56. Rc7+ Kg6 57. Rc6+ Rxc6 58. Kxc6 Kf5
59. Kd6 a4 60. e6 a3 61. e7 a2 62. e8=Q a1=Q 1/2-1/2

[Event "XIV Festival A"]
[Site "Cesenatico ITA"]
[Date "2010.09.05"]
[Round "8"]
[White "Lucchi, Lorenzo"]
[Black "Lain, Luigi"]
[WhiteElo "2075"]
[BlackElo "2218"]
[Result "1/2-1/2"]
[PlyCount "66"]
[EventDate "2010.08.30"]

1. e4 e5 2. Nc3 Bc5 3. Nf3 d6 4. Na4 Bb6 5. Nxb6 axb6 6. d4 exd4 7. Qxd4 Qf6 8.
e5 dxe5 9. Qxe5+ Qxe5+ 10. Nxe5 Be6 11. Be3 Nc6 12. Nxc6 bxc6 13. a3 Nf6 14.
Bd4 Ke7 15. O-O-O c5 16. Be5 Ne4 17. Bg3 Nxg3 18. hxg3 h6 19. Be2 Ra4 20. Rh4
Rxh4 21. gxh4 Ra8 22. Bf3 Ra4 23. g3 f6 24. Re1 Kd6 25. c3 f5 26. Rd1+ Ke7 27.
Bc6 Rg4 28. Re1 Kd6 29. Bf3 Rg6 30. Rd1+ Ke7 31. Re1 Kd7 32. Rd1+ Ke7 33. Re1
Kd6 1/2-1/2

[Event "XIV Festival A"]
[Site "Cesenatico ITA"]
[Date "2010.08.??"]
[Round "8"]
[White "Meijers, Viesturs"]
[Black "Meyer, Peter"]
[WhiteElo "2474"]
[BlackElo "2061"]
[Result "1-0"]
[PlyCount "59"]
[EventDate "2010.08.30"]

1. e4 e6 2. d4 d5 3. exd5 exd5 4. Nf3 Bd6 5. Bd3 Nf6 6. O-O O-O 7. h3 h6 8. b3
a5 9. c4 c6 10. Nc3 Be6 11. Be3 Nbd7 12. c5 Bc7 13. Re1 Re8 14. Qc2 Nh5 15. Ne2
Qf6 16. Nh2 Nf4 17. Nxf4 Bxf4 18. Bxf4 Qxf4 19. Qc3 Qf6 20. Re3 Nf8 21. Rae1
Bd7 22. Ng4 Qf4 23. Ne5 Be6 24. Bc2 Qh4 25. Qd3 Qd8 26. f4 f5 27. g4 Qf6 28.
gxf5 Bf7 29. Kh2 Re7 30. Ng4 1-0

[Event "XIV Festival A"]
[Site "Cesenatico ITA"]
[Date "2010.08.??"]
[Round "8"]
[White "Roeder, Matthias"]
[Black "Haertl, Siegfried"]
[WhiteElo "2392"]
[BlackElo "2053"]
[Result "1-0"]
[PlyCount "75"]
[EventDate "2010.08.30"]

1. Nf3 Nf6 2. c4 e6 3. g3 d5 4. Bg2 Be7 5. O-O O-O 6. d4 c6 7. Qc2 Ne4 8. Nc3
Nxc3 9. Qxc3 Nd7 10. Rd1 b6 11. b3 Bb7 12. Bb2 Bf6 13. Qc2 Rc8 14. e4 dxe4 15.
Qxe4 Qc7 16. Rd2 c5 17. Qe2 cxd4 18. Nxd4 Bxg2 19. Kxg2 Nc5 20. Nb5 Qb7+ 21. f3
Bxb2 22. Rxb2 Qe7 23. Rd1 Rcd8 24. Rbd2 Rxd2 25. Rxd2 a6 26. Nd4 Re8 27. Qe3 e5
28. Nf5 Qc7 29. b4 Nb7 30. Qg5 f6 31. Qxg7+ Qxg7 32. Nxg7 Re7 33. Nf5 Rc7 34.
a3 a5 35. Rd5 Kf7 36. g4 axb4 37. axb4 Ke8 38. Rb5 1-0

[Event "XIV Festival A"]
[Site "Cesenatico ITA"]
[Date "2010.08.??"]
[Round "8"]
[White "Tocchioni, Doriano"]
[Black "Massironi, Marco"]
[WhiteElo "2312"]
[BlackElo "2139"]
[Result "1-0"]
[PlyCount "63"]
[EventDate "2010.08.30"]

1. Nf3 d5 2. g3 Nf6 3. Bg2 c6 4. O-O Bf5 5. d3 h6 6. Nfd2 e5 7. c4 Be7 8. Qb3
Na6 9. cxd5 cxd5 10. Nc3 Nc5 11. Qd1 O-O 12. Nf3 e4 13. Nd4 Bg6 14. dxe4 dxe4
15. Bh3 Nd5 16. Nxd5 Qxd5 17. Nf5 Qd8 18. Bf4 Bxf5 19. Bxf5 Qxd1 20. Rfxd1 Bf6
21. Bd6 Rfe8 22. Bxc5 Re5 23. Bxe4 Rxe4 24. Rd2 b6 25. Be3 Rb4 26. Rb1 Rd8 27.
Rxd8+ Bxd8 28. Rd1 Bf6 29. b3 a5 30. Rd6 a4 31. Rxb6 axb3 32. axb3 1-0

[Event "XIV Festival A"]
[Site "Cesenatico ITA"]
[Date "2010.08.??"]
[Round "8"]
[White "Gennari, Leone"]
[Black "Damia, Angelo"]
[WhiteElo "2025"]
[BlackElo "2281"]
[Result "1/2-1/2"]
[PlyCount "42"]
[EventDate "2010.08.30"]

1. d4 d5 2. c4 Nc6 3. cxd5 Qxd5 4. Nf3 e5 5. Nc3 Bb4 6. e3 Nf6 7. a3 exd4 8.
exd4 Bxc3+ 9. bxc3 Bg4 10. Be2 Ne4 11. Qc2 O-O 12. O-O Rfe8 13. Be3 Bf5 14. Bd3
Nd6 15. Bf4 Bxd3 16. Qxd3 Qe4 17. Qxe4 Nxe4 18. Rac1 Ne7 19. c4 c6 20. Rfe1 Ng6
21. Bg3 Nxg3 1/2-1/2

[Event "XIV Festival A"]
[Site "Cesenatico ITA"]
[Date "2010.08.??"]
[Round "8"]
[White "Lupik, Marina"]
[Black "Pascucci, Marco"]
[WhiteElo "2216"]
[BlackElo "2021"]
[Result "1/2-1/2"]
[PlyCount "59"]
[EventDate "2010.08.30"]

1. e4 e6 2. d4 c5 3. d5 exd5 4. exd5 d6 5. Nc3 Nf6 6. Be2 g6 7. h3 Bg7 8. Nf3
O-O 9. O-O Na6 10. a4 Nb4 11. Bc4 b6 12. Nd2 Re8 13. Bb5 Re7 14. a5 Bf5 15. Ba4
Rb8 16. Nc4 Ne4 17. axb6 Bxc3 18. bxc3 Nxc3 19. Qf3 Ne2+ 20. Kh1 Nxc1 21. Raxc1
axb6 22. Bb5 Nxc2 23. Qg3 Nd4 24. Nxd6 Bd7 25. Bd3 Qc7 26. Nf5 Bxf5 27. d6 Qb7
28. dxe7 Bxd3 29. Qxd3 Qxe7 30. Rfe1 1/2-1/2

[Event "XIV Festival A"]
[Site "Cesenatico ITA"]
[Date "2010.08.??"]
[Round "8"]
[White "Klocker, Benedikt"]
[Black "Gaspari, Mauro"]
[WhiteElo "2211"]
[BlackElo "1963"]
[Result "1-0"]
[PlyCount "67"]
[EventDate "2010.08.30"]

1. e4 d6 2. d4 Nf6 3. Nc3 g6 4. f4 Bg7 5. Nf3 O-O 6. Bd3 Na6 7. O-O c5 8. d5
Nc7 9. a4 b6 10. Bc4 Bb7 11. Qe2 a6 12. Rd1 Rb8 13. Ra3 Kh8 14. Rb3 Ba8 15.
Bxa6 Nxa6 16. Qxa6 e6 17. dxe6 fxe6 18. Ng5 Qe7 19. Rxb6 Bb7 20. Qe2 h6 21. Nf3
Nd7 22. Rb3 c4 23. Qxc4 Nc5 24. Rb6 Bd5 25. Qb4 Rxb6 26. Qxb6 Nxe4 27. Nxd5
exd5 28. Rxd5 Rc8 29. c3 Qe6 30. Rd1 Rc4 31. a5 Rc5 32. a6 Rd5 33. Re1 Qf5 34.
a7 1-0

[Event "XIV Festival A"]
[Site "Cesenatico ITA"]
[Date "2010.08.??"]
[Round "8"]
[White "Facchetti, Gianni"]
[Black "Brunner, Werner"]
[WhiteElo "2151"]
[BlackElo "2149"]
[Result "1/2-1/2"]
[PlyCount "59"]
[EventDate "2010.08.30"]

1. e4 d5 2. exd5 Qxd5 3. Nc3 Qd6 4. d4 Nf6 5. Nf3 a6 6. Ne5 Nc6 7. Nxc6 Qxc6 8.
d5 Qd6 9. Qf3 Bg4 10. Qf4 e5 11. dxe6 Qxe6+ 12. Qe3 Bc5 13. Qxe6+ Bxe6 14. Bd3
O-O 15. O-O Nd5 16. Ne4 Be7 17. a3 h6 18. Re1 Nf6 19. Bf4 Rac8 20. Rad1 Rfd8
21. Ng3 Bd6 22. Bxd6 Rxd6 23. Ne4 Nxe4 24. Bxe4 Rcd8 25. Rxd6 Rxd6 26. Bd3 a5
27. f4 Kf8 28. b4 axb4 29. axb4 Rd4 30. Re4 1/2-1/2

[Event "XIV Festival A"]
[Site "Cesenatico ITA"]
[Date "2010.08.??"]
[Round "8"]
[White "Rotoni, Matteo"]
[Black "Sfera, Mattia"]
[WhiteElo "2148"]
[BlackElo "1970"]
[Result "1/2-1/2"]
[PlyCount "37"]
[EventDate "2010.08.30"]

1. e4 e6 2. d4 d5 3. e5 c5 4. c3 Qb6 5. Nf3 Nc6 6. Be2 Bd7 7. dxc5 Bxc5 8. O-O
f6 9. b4 Be7 10. c4 Bxb4 11. cxd5 exd5 12. Qxd5 Nge7 13. Qe4 Bf5 14. Qc4 Nxe5
15. Nxe5 fxe5 16. Bb2 Bd6 17. Qb5+ Bd7 18. Qxb6 axb6 19. Nc3 1/2-1/2

[Event "XIV Festival A"]
[Site "Cesenatico ITA"]
[Date "2010.09.06"]
[Round "9"]
[White "Petkov, Vladimir"]
[Black "Meijers, Viesturs"]
[WhiteElo "2496"]
[BlackElo "2474"]
[Result "1-0"]
[PlyCount "87"]
[EventDate "2010.08.30"]

1. Nf3 Nf6 2. c4 e6 3. Nc3 d5 4. d4 Be7 5. Bf4 O-O 6. e3 b6 7. cxd5 exd5 8. Be2
Bb7 9. O-O c5 10. Ne5 Nbd7 11. Bf3 Nxe5 12. Bxe5 c4 13. Qc2 Qd7 14. Bxf6 Bxf6
15. e4 b5 16. Rad1 dxe4 17. Nxe4 Be7 18. d5 f5 19. Nc3 Rf6 20. Rfe1 Rd8 21.
Nxb5 Bb4 22. Nc3 g5 23. g3 g4 24. Bg2 h5 25. a3 Ba5 26. Qd2 f4 27. Ne4 Ra6 28.
Qxf4 Bxe1 29. Nc5 Qe7 30. Nxb7 Bxf2+ 31. Kh1 Qe2 32. Rf1 Rf8 33. Qg5+ Kh7 34.
d6 Qe6 35. Qxh5+ Kg7 36. Qg5+ Kh7 37. Qh5+ Kg7 38. Qg5+ Kh7 39. Qd2 Be3 40.
Qc2+ Kg8 41. Rd1 Rb6 42. d7 Rxb7 43. d8=Q Rbf7 44. Bd5 1-0

[Event "XIV Festival A"]
[Site "Cesenatico ITA"]
[Date "2010.09.06"]
[Round "9"]
[White "Sveshnikov, Evgeny E."]
[Black "Levin, Felix"]
[WhiteElo "2487"]
[BlackElo "2472"]
[Result "1/2-1/2"]
[PlyCount "23"]
[EventDate "2010.08.30"]

1. e4 c6 2. d4 d5 3. e5 Bf5 4. h4 h5 5. Bd3 Bxd3 6. Qxd3 e6 7. Nc3 Qb6 8. Be3
Qa6 9. Qd2 Ne7 10. Nge2 Nd7 11. O-O-O b5 12. Qd3 1/2-1/2

[Event "XIV Festival A"]
[Site "Cesenatico ITA"]
[Date "2010.09.06"]
[Round "9"]
[White "Salvador, Roland"]
[Black "Drei, Andrea"]
[WhiteElo "2498"]
[BlackElo "2254"]
[Result "1-0"]
[PlyCount "128"]
[EventDate "2010.08.30"]

1. d4 Nf6 2. Nf3 c5 3. d5 e6 4. c4 exd5 5. cxd5 d6 6. Nc3 g6 7. Bf4 a6 8. Nd2
b5 9. a4 b4 10. Nce4 Nh5 11. Be3 f5 12. g4 Nf6 13. gxf5 Nxe4 14. Nxe4 Bxf5 15.
Ng3 Qf6 16. Qd2 Bg7 17. Nxf5 Qxf5 18. h4 Nd7 19. Bh3 Qe4 20. f3 Qxh4+ 21. Kf1
Qf6 22. Rc1 Qxb2 23. Qd3 Qf6 24. Be6 Ra7 25. Kg2 Ne5 26. Qe4 Re7 27. Qxb4 Rxe6
28. Qb8+ Kf7 29. dxe6+ Qxe6 30. Qb7+ Nd7 31. Rcd1 Rb8 32. Qc7 Qxe3 33. Qxd7+
Kg8 34. Kf1 Re8 35. Rh2 Qe5 36. Kg1 Re6 37. Qc8+ Re8 38. Qh3 h6 39. Qd7 Re6 40.
Qc8+ Kh7 41. Qxa6 Qg5+ 42. Rg2 Qh4 43. Rh2 Qg5+ 44. Kh1 Be5 45. Rg1 Qf6 46. Rh3
Bd4 47. Rb1 h5 48. Qd3 Kh6 49. e4 d5 50. Qd2+ g5 51. Rb7 dxe4 52. Rxh5+ Kg6 53.
Rh3 Qf4 54. Qxf4 gxf4 55. fxe4 Rxe4 56. Ra3 Kf5 57. Rb8 Re2 58. a5 Be3 59. a6
f3 60. Ra1 Bf4 61. Rf8+ Kg4 62. Rg1+ Bg3 63. Rg8+ Kf4 64. R1xg3 Ke4 1-0

[Event "XIV Festival A"]
[Site "Cesenatico ITA"]
[Date "2010.09.06"]
[Round "9"]
[White "Schaefer, Michael"]
[Black "Roeder, Matthias"]
[WhiteElo "2215"]
[BlackElo "2392"]
[Result "0-1"]
[PlyCount "102"]
[EventDate "2010.08.30"]

1. d4 Nf6 2. c4 g6 3. Nc3 Bg7 4. Nf3 O-O 5. h3 d6 6. Bf4 c5 7. e3 Qb6 8. Qd2
Bf5 9. g4 cxd4 10. exd4 Be4 11. Bg2 Nc6 12. Be3 Bxf3 13. Bxf3 Qb4 14. Rc1 Qxc4
15. Nd5 Qxa2 16. Nb4 Nxb4 17. Qxb4 Nd5 18. Qxb7 Nxe3 19. fxe3 Rab8 20. Qe4 Qa5+
21. Kf2 Rxb2+ 22. Rc2 d5 23. Qd3 Rfb8 24. g5 e6 25. h4 Qc7 26. Bd1 Rxc2+ 27.
Qxc2 Qxc2+ 28. Bxc2 Rb2 29. Rc1 Bf8 30. Ke2 Ba3 31. Kd3 Rb3+ 32. Bxb3 Bxc1 33.
e4 dxe4+ 34. Kxe4 Bd2 35. Kf3 Kg7 36. d5 exd5 37. Bxd5 a5 38. Bb3 h6 39. gxh6+
Bxh6 40. Bc2 Bd2 41. Ke2 Bb4 42. Kf2 Kh6 43. Kg3 Be1+ 44. Kh3 Kg7 45. Bb3 f5
46. Bc2 Kf6 47. Bb3 Ke5 48. Bf7 a4 49. Bxg6 a3 50. Bf7 Kd4 51. h5 Bd2 0-1

[Event "XIV Festival A"]
[Site "Cesenatico ITA"]
[Date "2010.09.06"]
[Round "9"]
[White "Sveshnikov, Vladimir"]
[Black "Bonacci, Mauro"]
[WhiteElo "2391"]
[BlackElo "2198"]
[Result "1-0"]
[PlyCount "71"]
[EventDate "2010.08.30"]

1. e4 c5 2. c3 d5 3. exd5 Qxd5 4. d4 Nf6 5. Nf3 a6 6. Be3 e6 7. dxc5 Qxd1+ 8.
Kxd1 Nd5 9. b4 a5 10. Bc4 Nxe3+ 11. fxe3 Be7 12. a3 O-O 13. Nbd2 axb4 14. cxb4
Nc6 15. Kc2 Bf6 16. Ra2 e5 17. Kb3 Bf5 18. e4 Bg6 19. Bd5 Rad8 20. Nc4 Rd7 21.
Bxc6 bxc6 22. Rd2 Rxd2 23. Nfxd2 Rd8 24. Nd6 Be7 25. N2c4 f6 26. a4 Bf7 27. Kc3
Be6 28. a5 Kf8 29. Nb6 Bxd6 30. cxd6 Bc8 31. Kc4 Kf7 32. Kc5 Bb7 33. Ra1 Ke6
34. a6 Bxa6 35. Rxa6 Rxd6 36. Nc4 1-0

[Event "XIV Festival A"]
[Site "Cesenatico ITA"]
[Date "2010.09.06"]
[Round "9"]
[White "De Santis, Alessio"]
[Black "Lucchi, Lorenzo"]
[WhiteElo "2348"]
[BlackElo "2075"]
[Result "1/2-1/2"]
[PlyCount "33"]
[EventDate "2010.08.30"]

1. d4 d6 2. e4 Nf6 3. Bd3 c5 4. c3 g6 5. Nf3 Bg7 6. O-O O-O 7. Nbd2 cxd4 8.
Nxd4 Nc6 9. Re1 e5 10. Nxc6 bxc6 11. Qa4 Ng4 12. Nf3 Qb6 13. Re2 Be6 14. h3 Nf6
15. Be3 Qc7 16. Rd1 d5 17. Nd2 1/2-1/2